| 000 | 00402 a2200157 4500 | ||
|---|---|---|---|
| 999 |
_c321335 _d321335 |
||
| 001 | 86262 | ||
| 003 | NUST | ||
| 005 | 20180122103045.0 | ||
| 008 | 180122b xxu||||| |||| 00| 0 eng d | ||
| 020 | _a9781908596628 | ||
| 082 | _a954.9105 sHE | ||
| 100 |
_aInam R. Sehri _99454 |
||
| 245 |
_aJudges And General in Pakistan (vol-I) _cInam R. Sehri _hEnglish |
||
| 250 | _a1st | ||
| 260 |
_aUK _bPHP Books _c2012 |
||
| 300 | _aXV 333p. | ||
| 500 | _aGeneral Collection | ||
| 942 |
_aCAE NUST _cBK _k954.9105 SHE _2ddc |
||